000
00324nam a2200133Ia 4500
008
231129s1968||||xx |||||||||||||| ||spa||
040
_b
spa
082
_a
155.2 A441p
100
_a
Allport Gordon W.
245
0
_a
La personalidad: Su configuración y desarrollo
260
_c
1968
264
_a
Herder
942
_2
ddc
_c
BKS
999
_c
17912
_d
17912